El jurisconsulto granadino Manuel de Seijas (Hernández) Lozano, precursor de la codificación en España.
שמור ב:
| מחבר ראשי: | |
|---|---|
| פורמט: | ספר |
| שפה: | אנגלית |
| יצא לאור: |
Córdoba, España:
Ilustre Sociedad Andaluza de Estudios Jurídicos,
2009.
|
| סדרה: | Colección de juristas andaluces ilustres,
|
| נושאים: | |
| תגים: |
הוספת תג
אין תגיות, היה/י הראשונ/ה לתייג את הרשומה!
|
MARC
| LEADER | 00000nam a22000007a 4500 | ||
|---|---|---|---|
| 003 | CL-VaPUC | ||
| 005 | 20220822114727.0 | ||
| 008 | 220726t2009 ||||| |||| 00| 0 eng d | ||
| 999 | |c 437581 |d 437579 | ||
| 020 | |a 978-84-613-0669-5 | ||
| 040 | |c Pontificia Universidad Católica de Valparaíso | ||
| 082 | |2 22 |a 340.109 MAR 2009 | ||
| 100 | |9 873945 |a Martínez Dhier, Alejandro |e autor | ||
| 245 | |a El jurisconsulto granadino Manuel de Seijas (Hernández) Lozano, precursor de la codificación en España. | ||
| 260 | |a Córdoba, España: |b Ilustre Sociedad Andaluza de Estudios Jurídicos, |c 2009. | ||
| 300 | |a XXII, 125 páginas. | ||
| 490 | |a Colección de juristas andaluces ilustres, |n 1. | ||
| 500 | |a c.1 Donación Familia Prof. Alejandro Guzmán Brito. | ||
| 583 | |c 20220726 |k Yessy Sthefany Diaz Vidal | ||
| 600 | 0 | |9 399489 |a Seijas Lozano, Manuel de |x Biografías | |
| 650 | 0 | |9 258568 |a Codificación |z España | |
| 650 | 0 | |9 255986 |a Juristas |y Granada, España | |
| 942 | |2 ddc |c BK |n 0 | ||
| 952 | |0 0 |1 0 |2 ddc |4 0 |6 340_109000000000000_MAR_2009 |7 1 |8 C_AGB |9 585362 |a BIBDER |b BIBDER |d 2022-07-26 |e Donación |i 5653378 |o 340.109 MAR 2009 |p 5653378 |r 2023-01-25 |t 1 |w 2022-07-26 |y BK_US |k AGB | ||